000 00638nam a22002417a 4500
003 UA-OsUOA
001 71396
007 ta
008 20101025b un ||||| |||| 00| 0 ukr d
100 _aМельниченко В.
090 _a82.09(477)
_bМ48
942 _cBK
040 _aUA-OsUOA
_bukr
_cUA-OsUOA
_dUA-OsUOA
245 _aТарас Шевченко в Москві
300 _a740 с.
955 _a2
041 _aukr
080 _a82.09(477)
020 _a978-966-06-0560-2
260 _aК.
_bЛибідь
_c2009
650 7 _a82 Література. Літературознавство
_2UDC
999 _c357674
_d357674